Quizzes
Events
Quiz Creation
Community
Videos
Private Events
Remove Ads
Sign In
Join for FREE
Feedback
Dark Mode
Quiz Categories
Sports
Geography
Music
Movies
Television
Just For Fun
Miscellaneous
History
Literature
Language
Science
Gaming
Entertainment
Religion
Holiday
For Kids
Quiz Lab
Recent
Popular Today
Quiz Kudos Today
Editor Picks
Curator Picks
Quizzes by...
Day
Popularity
Type
Ratings
Length
Year
Community
Subscriptions
Recent Discussions
Orange Saloon
Badges
Playlists
Quests
Create
Leaderboards
Showdown
Live 5
Trivia Bingo
Activity
Puzzle Library
Sporcle Events
Private Events
Virtual Trivia
Globe League
Become a Host
Pub Owners
SporcleCon
Opinionation
Our Games
Videos
Blog
Mobile Apps
Partnerships
Remove Ads and Go Orange
Feedback
Music
Pop Music
The Beatles
Song
Album
Lyrics
Bands
Singers
Artist
Clip
Rock
Rap
Classical
Billboard
Country Music
Kpop
Taylor Swift
Music
Pop Music
The Beatles
Song
Album
Lyrics
Bands
Singers
Artist
Clip
Rock
Rap
Classical
Billboard
Country Music
Kpop
Taylor Swift
Random Quiz
Search Sporcle
×
Quiz Lab
Quiz Lab
Music
Clickable
Type in answers that appear in a list
Type in answers that appear in a list
Classic
Best Score? Go Orange.
Most Handsome/Pretty member of Kpop Groups Stats
Can you name the Most Handsome/Pretty member of Kpop Groups?
By
Yewonnie
15m
45 Questions
23.5K Plays
23,512 Plays
23,512 Plays
Comments
Comments
Give Quiz Kudos
Give Quiz Kudos
-
- Ratings
hide this ad
Replay
Link that replays current quiz
Next Quiz
Link to next quiz in quiz playlist
You Got
0%
They Got
Avg Score
38%
Avg Friend Score
Upgrade to see
Score Distribution
Jump to the score distribution portion of the page
Score
0/45
Timer
15:00
0
Plays Today
Group name
% Correct
F(X)?
VICTORIA
91%
CNBLUE?
YONGHWA
85.8%
BIG BANG?
T.O.P
84.7%
Super Junior?
SIWON
82.2%
SHINEE?
MINHO
80%
SNSD?
YOONA
78.1%
2NE1?
PARKBOM
76.8%
FTISLAND?
JONGHUN
76.8%
DBSK?
YUNHO
76.1%
NU'EST?
REN
53.5%
BTOB?
MINHYUK
51.2%
SISTAR?
BORA
50.3%
AFTER SCHOOL?
NANA
47.8%
TRAX?
JUNGMO
45.3%
BEAST?
DONGWOON
44.6%
MBLAQ?
LEE JOON
44.2%
4MINUTE?
JIHYUN
43.9%
WONDER GIRLS?
SOHEE
42.1%
BAP?
HIMCHAN
41.4%
KARA?
NICOLE
40.3%
THE GRACE?
STEPHANIE
39%
BLOCK B?
JAEHYO
38.7%
SECRET?
JIEUN
38.2%
Group name
% Correct
INFINITE?
L
35.5%
EXO?
LAY
31.9%
DALMATIAN?
DANIEL
30.3%
MISS A?
SUZY
29%
2PM?
NICHKHUN
22.5%
T-
ARA?
Jiyeon
18.7%
TEEN TOP?
CHUNJI
18.3%
SPEED?
KWANGHAENG
17.8%
SUPERNOVA?
SUNGJE
16.6%
ZE:A?
SIWAN
16.6%
THE BOSS/
DNA?
KARAM
16.4%
U-
KISS?
KISEOP
14.6%
2AM?
Seulong
13.7%
RAINBOW?
WOORI
11.4%
DAVICHI?
Minkyung
10.8%
SUPREME TEAM?
SIMON D
10.6%
DALSHABET?
SERRI
10.5%
SS501?
HYUNGJOON
9.6%
1TYM?
TEDDY
9.5%
X-
5?
GUN
8.5%
T-
MAX?
KIM JOON
7.1%
PARAN?
RYAN
6.2%
Quiz Playlist
Details
Report
Send in Message
Add To Playlist
Classic:
Type in answers that appear in a list
Last Updated: Jul 20, 2017
Quiz Scoreboard
CHALLENGE
Sign Up to Join the Scoreboard
Show All
Scores
Hide
Comments
May contain spoilers
Recently Published
Presidents Visiting Landmarks
by Hejman
History
7m
An Introduction to Baseball
by treessimontrees
Sports
5m
Movies - When Are They Set?
by FPL_Elf
Movies
5m
More to Explore
Quiz From the Vault
Featured Blog Post
Where Did the Easter Bunny Come From?
hide this ad
You Might Also Like...
Tags
Clickable Quiz
Kpop Quiz
group
Kpop Quiz
Pretty
Today's Top Quizzes in Music
Browse Music
hide this ad
Today's Top Quizzes in Clickable
Browse Clickable
Top Contributed Quizzes in Music
1
Taylor Swift All Songs (2024)
2
Guess the Artist- 70s Songs
3
7-to-1: Billboard Hot 100 #1 Hits of 2010s
4
Sorting Albums and Songs
5
Taylor Swift Logic Puzzle
6
One Thing in Common: Music
7
2010s Album by Cover III
8
KPOP LOGIC QUIZ
9
Guess the Taylor Swift song (Mystery Song)
10
Guess the Artist- 80s Songs
Explore More
Trending Topics
Disney
Harry Potter
Kpop
Anime
Crossword
Marvel
NBA
NFL
Soccer
Puzzle
The Office
Song
WWE
Country
Pokémon
hide this ad
More By:
Yewonnie
Quiz
Plays
Rating
Category
Featured
Created
Can You Name The Leader of Kpop Groups?
151,765
1.58
Music
Jun 27, 2012
Most Handsome/Pretty member of Kpop Groups
23,512
1.28
Music
Jun 26, 2012
Can You Name Dancing Machine of Each Kpop Groups?
5,181
2.10
Music
Jun 27, 2012
Can you name all kpop group from SM Entertainment?
2,295
2.25
Entertainment
Jun 26, 2012
Can You Name Fanclub of Kpop Artist?
1,717
2.33
Entertainment
Jun 27, 2012
Go to Creator's Profile
Score Distribution
Quiz Creator Spotlight
Yewonnie
Follow
Send a Message
Quizzes Created
-
Created Quiz Play Count
-
More By This Creator
Popular Quizzes Today
1
Find the US States - No Outlines Minefield
2
Find the Countries of Europe - No Outlines Minefield
3
The Countries of the World
4
Find the US States
5
Popular People in 1961
6
US States
7
Risky Map Clicking: Biggest States A-Z
8
Movies - When Are They Set?
More Music Quizzes
Back to Front: Music 2
Curator's Pick
Trending Quizzes
Risky Map Clicking: Least Populous States A-Z
1-10 Letter G Words
1-10 Letter F Words
Risky Map Clicking: Next State Alphabetically
Risky Map Clicking: Biggest States A-Z
Recently Updated
Leaping Animals
pecheneg
Reality TV Shows (A-Z)
bhenderson79
Rickey Henderson's Hall of Fame Teammates
pecheneg
Champions League XIs: Arsenal
pecheneg
Quick Pick: Celebrities in WWE's Hall of Fame
aduchscher
A-Z Keypad Blitz II
pecheneg
Multiple Oscar Actors
pecheneg
Mystery Phrase Blitz: Oscar 'Best Actors'
pecheneg
F. Scott Fitzgerald Novels
LTH
Pick 3 Villains
ddd62291
Trending Topics
Kpop
Disney
Harry Potter
Anime
Crossword
Marvel
NBA
Puzzle
Song
Soccer
Pokémon
WWE
The Office
NFL
Country
Your Account Isn't Verified!
In order to create a playlist on Sporcle, you need to verify the email address you used during registration. Go to your
Sporcle Settings
to finish the process.
Report this User
Report this user for behavior that violates our
Community Guidelines
.
Details:
Send Report
Go to the Sporcle.com Mobile Site →
Comments